01475nam a2200205Ia 4500020001500000040000800015082002600023245006500049260007600114300003800190490003500228520084600263650002301109650001401132700001701146700002201163710006001185942000701245999001701252 a9251051070 cFQG a639 FOO 2004 A083 Or.00aManagement of large pelagic fisheries in CARICOM countries / aRome :bFood and Agriculture Organization of the United Nations,cc2004 axi, 149 p. :bill., maps ;c30 cm1 aFAO fisheries technical paper, aLarge pelagic fish are important to the small-scale, commercial and recreational fisheries in many Caribbean Community countries. As most are transboundary, their management requires collaboration among countries in the context of international fisheries agreements. The FAO Technical Cooperation Programme project described in this report sought to assist CARICOM countries in formulating an approach to the development and management of large pelagic fisheries. The project compiled and reviewed a wide range of material, including status of resources, fishery harvest and post-harvest sectors, status of national and regional management initiatives, and the extent to which countries are engaged in international management activities such as those undertaken by the International Commission for the Conservation of Atlantic Tunas (ICCAT) 0aFishery management 0aFisheries1 aMahon, Robin1 aMcConney, Patrick2 aFood and Agriculture Organization of the United Nations cEK c16096d16096